Sports Quiz

Random Sports or Tennis Quiz

Tennis Players Match-Up Quiz Stats

Quiz Updated Jul 8, 2015

Challenge
Share
Tweet
Score 0/50 Timer 06:00
0 Plays Today
% Correct
Serena
96.7%
Venus
96.6%
Roger
95.9%
Rafael
94.9%
Pete
93.7%
Andy
92.7%
Andre
92.6%
Novak
92.4%
John
92%
Björn
91.8%
Steffi
91.7%
Maria
91.3%
Boris
89.4%
Billie Jean
86.4%
Arthur
86%
Martina
85.7%
Jimmy
85.5%
Martina
83.7%
Kim
83.7%
Chris
82.6%
Ivan
82.5%
Rod
80.8%
Monica
79.7%
Lindsay
79%
Jennifer
75.2%
% Correct
Stefan
74.8%
Jim
73.3%
Victoria
71.9%
Justine
71%
Mats
68.8%
Arantxa
62.8%
Margaret
62.7%
Fred
60.1%
Gustavo
59.8%
Guillermo
59.2%
René
57.3%
Virginia
56.6%
Roy
56.4%
John
52.2%
Evonne
49.6%
Ken
49.3%
Don
47.4%
Hana
46.2%
Suzanne
45.8%
Althea
42.6%
Bill
41.3%
Helen
38.8%
Maria
36.1%
Maureen
35.5%
Doris
24.4%

You're not logged in!

Compare scores with friends on all Sporcle quizzes.
Join for Free
OR
Log In

You Might Also Like...

Show Comments

Extras

Top Quizzes Today


Score Distribution

Your Account Isn't Verified!

In order to create a playlist on Sporcle, you need to verify the email address you used during registration. Go to your Sporcle Settings to finish the process.

Report this User

Report this user for behavior that violates our Community Guidelines.

Details: